00250nam a22000977a 4500040000700000082002200007100002100029245005800050260003600108300000800144 cSY a519 BAR 1994 C176 aBarbara M. Byrne astructural equation modeling with EQS and EQS/Windows aAmericabBarbara M. Byrnec1994 a287